<?xml version="1.0" encoding="UTF-8"?>
<collection xmlns:xsi="http://www.w3.org/2001/XMLSchema-instance" xsi:schemaLocation="http://www.loc.gov/MARC21/slim http://www.loc.gov/standards/marcxml/schema/MARC21slim.xsd" xmlns="http://www.loc.gov/MARC21/slim">
 <record>
  <leader>00000nam a22000004a 4500</leader>
  <controlfield tag="001">UP-1685675941131474126</controlfield>
  <controlfield tag="003">Buklod</controlfield>
  <controlfield tag="005">20260420092936.0</controlfield>
  <controlfield tag="007">ta</controlfield>
  <controlfield tag="008">260420s2023    xxu     r    |||| u|eng d</controlfield>
  <datafield tag="040" ind1=" " ind2=" ">
   <subfield code="a">DARC</subfield>
   <subfield code="e">rda</subfield>
  </datafield>
  <datafield tag="041" ind1=" " ind2=" ">
   <subfield code="a">eng</subfield>
  </datafield>
  <datafield tag="042" ind1=" " ind2=" ">
   <subfield code="a">DMLUC</subfield>
  </datafield>
  <datafield tag="090" ind1=" " ind2=" ">
   <subfield code="a">LG 993.5 2023 A7</subfield>
   <subfield code="b">V53</subfield>
  </datafield>
  <datafield tag="100" ind1="1" ind2=" ">
   <subfield code="a">Vicencio, Carla Loise S. </subfield>
   <subfield code="e">author.</subfield>
  </datafield>
  <datafield tag="245" ind1="1" ind2="0">
   <subfield code="a">Children's aid </subfield>
   <subfield code="b">a crisis intervention center for the victims of violence against children</subfield>
   <subfield code="c">Carla Loise S. Vicencio ; Michaela Rosette M. Santos-Tayag, adviser.</subfield>
  </datafield>
  <datafield tag="264" ind1=" " ind2="1">
   <subfield code="a">Quezon City </subfield>
   <subfield code="b">College of Architecture, University of the Philippines Diliman</subfield>
   <subfield code="c">June 2023.</subfield>
  </datafield>
  <datafield tag="300" ind1=" " ind2=" ">
   <subfield code="a">xiv, 169 leaves, 42 unnumbered folded leaves of plates</subfield>
   <subfield code="b">illustrations (some color) </subfield>
   <subfield code="c">28 cm.</subfield>
  </datafield>
  <datafield tag="336" ind1=" " ind2=" ">
   <subfield code="a">text</subfield>
   <subfield code="2">rdacontent</subfield>
  </datafield>
  <datafield tag="337" ind1=" " ind2=" ">
   <subfield code="a">unmediated</subfield>
   <subfield code="2">rdamedia</subfield>
  </datafield>
  <datafield tag="338" ind1=" " ind2=" ">
   <subfield code="a">volume</subfield>
   <subfield code="2">rdacarrier</subfield>
  </datafield>
  <datafield tag="502" ind1=" " ind2=" ">
   <subfield code="a">Thesis (Bachelor of Science in Architecture) -- University of the Philippines Diliman</subfield>
   <subfield code="d">June 2023.</subfield>
  </datafield>
  <datafield tag="520" ind1="3" ind2=" ">
   <subfield code="a">The United Nations (UN) Convention on the Rights of the Child was enacted on November 20, 1989, to protect children’s rights internationally. However, despite this program and numerous policies, thousands of children still lack access to their rights to adequate nutrition, health care, violence protection, as well as education. According to UNICEF Philippines, 80% of Filipino children have encountered violence to some extent. Based on the survey conducted by Save the Children International, since the start of the pandemic, around one-third of families had a child, caregiver, or parent experience violence in their home, either physical or verbal abuse. Thus, this research aims to propose a crisis intervention center that is dedicated to being an immediate response for abandoned, neglected, and abused children. In order to provide a facility that shall address the specific and special needs of the victims of violence against children, a review of related literature and precedents, and interviews with professionals were discussed and juxtaposed to identify similarities and differences from previous research and projects. The rehabilitative and psychosocial interventions that improve the development of a child were also determined and implemented in the design.</subfield>
  </datafield>
  <datafield tag="591" ind1=" " ind2=" ">
   <subfield code="a">include appendices.</subfield>
  </datafield>
  <datafield tag="650" ind1=" " ind2="0">
   <subfield code="a">Child abuse.</subfield>
  </datafield>
  <datafield tag="650" ind1=" " ind2="0">
   <subfield code="a">Children and violence.</subfield>
  </datafield>
  <datafield tag="650" ind1=" " ind2="0">
   <subfield code="a">Crisis intervention center.</subfield>
  </datafield>
  <datafield tag="700" ind1="1" ind2=" ">
   <subfield code="a">Santos-Tayag, Michaela Rosette M. </subfield>
   <subfield code="e">thesis adviser.</subfield>
  </datafield>
  <datafield tag="905" ind1=" " ind2=" ">
   <subfield code="a">FI</subfield>
  </datafield>
  <datafield tag="852" ind1="0" ind2=" ">
   <subfield code="a">UPD</subfield>
   <subfield code="b">DARC</subfield>
   <subfield code="h">LG 993.5 2023 A7</subfield>
   <subfield code="i">V53</subfield>
  </datafield>
  <datafield tag="942" ind1=" " ind2=" ">
   <subfield code="a">Thesis</subfield>
  </datafield>
 </record>
</collection>
